[Event "Druga liga CS - zapad 2014"]
[Site "Sabac"]
[Date "2014.09.27"]
[Round "4.5"]
[White "Lazovic, Blagoje"]
[Black "Vujovic, Radojica"]
[Result "0-1"]
[WhiteElo "1987"]
[BlackElo "2101"]
[PlyCount "54"]
[EventDate "2014.09.25"]

1. d4 Nf6 2. c4 e6 3. Nc3 Bb4 4. Qc2 Nc6 5. e3 O-O 6. Bd2 d6 7. Bd3 Qe7 8. Nge2
Re8 9. a3 Bxc3 10. Bxc3 a5 11. O-O h5 12. Rae1 e5 13. f3 d5 14. Qc1 e4 15. fxe4
dxe4 16. Bb1 Ng4 17. Nf4 Nf6 18. Nd5 Nxd5 19. cxd5 Nd8 20. Qd2 b6 21. Ba2 Nb7
22. Qf2 Nd6 23. Rc1 Ba6 24. Rfd1 Rad8 25. b4 a4 26. Be1 g5 27. Rd2 Rd7 {necitko
} 0-1

[Event "Druga liga CS - zapad 2014"]
[Site "Sabac"]
[Date "2014.09.27"]
[Round "4.6"]
[White "Kahrovic, Mersid"]
[Black "Irizanin, Radoje"]
[Result "1-0"]
[WhiteElo "2281"]
[BlackElo "2330"]
[PlyCount "145"]
[EventDate "2014.09.25"]

1. e4 c5 2. Nf3 Nc6 3. Nc3 g6 4. Bc4 Bg7 5. O-O e6 6. d3 Nge7 7. Re1 d6 8. Bd2
a6 9. a4 O-O 10. Qc1 d5 11. Ba2 d4 12. Ne2 e5 13. h3 Kh8 14. Ng5 Qe8 15. f4 Ng8
16. Ng3 f6 17. Nf3 exf4 18. Bxf4 Ne5 19. Nxe5 fxe5 20. Bd2 Be6 21. Bxe6 Qxe6
22. b3 Rf7 23. Rf1 Raf8 24. Qa3 Qe7 25. Rxf7 Rxf7 26. Rf1 Bf8 27. Qc1 Kg7 28.
Qd1 h5 29. Rxf7+ Qxf7 30. a5 Ne7 31. Nh1 Nc6 32. g4 h4 33. Kg2 Be7 34. g5 Kf8
35. Qg4 Qh7 36. Nf2 Ke8 37. Qc8+ Nd8 38. Qc7 Qf7 39. Qxe5 Kd7 40. Ng4 Bd6 41.
Qh8 Bg3 42. Nf6+ Kc8 43. Qh7 Qxh7 44. Nxh7 Nc6 45. Nf8 Ne7 46. Ne6 Bd6 47. Kf3
Kd7 48. Nf4 Bxf4 49. Kxf4 Nc6 50. Be1 Ke6 51. Kf3 Ke5 52. Kg4 Ke6 53. Kxh4 Ne5
54. Kg3 Nf7 55. h4 Ne5 56. Bd2 Nc6 57. Kf4 Ne5 58. Bc1 Nc6 59. Bd2 Ne5 60. Kg3
Nc6 61. h5 gxh5 62. Kh4 Kf7 63. Kxh5 Kg7 64. g6 Ne5 65. Bh6+ Kf6 66. g7 Kf7 67.
Bf4 Nc6 68. Kh6 Kg8 69. Bc7 Nb4 70. e5 Nxc2 71. e6 Ne3 72. Kg6 Nd5 73. Bd6 1-0

[Event "Druga liga CS - zapad 2014"]
[Site "Sabac"]
[Date "2014.09.27"]
[Round "4.6"]
[White "Smolovic, Mile"]
[Black "Mrsevic, Miroslav"]
[Result "1/2-1/2"]
[WhiteElo "2325"]
[BlackElo "2275"]
[PlyCount "60"]
[EventDate "2014.09.25"]

1. e4 d6 2. d4 Nf6 3. Nc3 e5 4. Nf3 Nbd7 5. Bc4 Be7 6. O-O O-O 7. Re1 c6 8. a4
a5 9. Ba2 exd4 10. Nxd4 Nc5 11. Bf4 Kh8 12. Qd2 Be6 13. Bxe6 fxe6 14. Bg3 Nh5
15. Rad1 Qb6 16. b3 e5 17. Nf3 Ne6 18. Qe3 Qb4 19. Na2 Qa3 20. Ra1 Nxg3 21.
hxg3 Nd4 22. Nxd4 exd4 23. Qd3 Qc5 24. Rad1 Bf6 25. Nc1 Rae8 26. Ne2 d5 27.
Nxd4 Bxd4 28. Qxd4 Qxc2 29. exd5 Rxe1+ 30. Rxe1 cxd5 1/2-1/2

[Event "Druga liga CS - zapad 2014"]
[Site "Sabac"]
[Date "2014.09.27"]
[Round "4.6"]
[White "Dumic, Marko"]
[Black "Mirkovic, Stevan*"]
[Result "1/2-1/2"]
[WhiteElo "2262"]
[BlackElo "2297"]
[PlyCount "21"]
[EventDate "2014.09.25"]

1. d4 d5 2. Nf3 Nf6 3. c4 dxc4 4. e3 e6 5. Bxc4 a6 6. O-O c5 7. dxc5 Qxd1 8.
Rxd1 Bxc5 9. a3 Nbd7 10. b4 Be7 11. Bb2 1/2-1/2

[Event "Druga liga CS - zapad 2014"]
[Site "Sabac"]
[Date "2014.09.27"]
[Round "4.6"]
[White "Gavrilovic, Leonardo"]
[Black "Brajovic, Miroljub"]
[Result "1-0"]
[WhiteElo "2225"]
[BlackElo "2130"]
[PlyCount "67"]
[EventDate "2014.09.25"]

1. Nf3 Nf6 2. c4 d6 3. d4 Nbd7 4. Nc3 c6 5. g3 Qc7 6. Bg2 g6 7. O-O Bg7 8. e4
e5 9. h3 O-O 10. Be3 h6 11. Qd2 Kh7 12. Rad1 Re8 13. Rfe1 b6 14. Qc2 Nf8 15.
dxe5 dxe5 16. c5 b5 17. b4 a5 18. a3 g5 19. Rd6 Ng6 20. Nd2 axb4 21. axb4 g4
22. h4 Be6 23. Nb3 Bf8 24. Rdd1 Nh5 25. Na5 Rac8 26. Qb1 Ra8 27. Nd5 Bxd5 28.
exd5 cxd5 29. Bxd5 Rab8 30. Qf5 Ng7 31. Qxf7 Qxf7 32. Bxf7 Red8 33. Nc6 Rxd1
34. Rxd1 1-0

[Event "Druga liga CS - zapad 2014"]
[Site "Sabac"]
[Date "2014.09.27"]
[Round "4.6"]
[White "Musovic, Sabrija"]
[Black "Matovic, Petar"]
[Result "1/2-1/2"]
[WhiteElo "2106"]
[BlackElo "2213"]
[PlyCount "48"]
[EventDate "2014.09.25"]

1. e4 d5 2. exd5 Qxd5 3. Nc3 Qa5 4. d4 c6 5. Bd2 Qd8 6. Be3 Nf6 7. h3 Bf5 8.
Bd3 Bxd3 9. Qxd3 e6 10. Nf3 Nbd7 11. g4 Qc7 12. O-O-O Bd6 13. Kb1 O-O-O 14. g5
Nd5 15. Ne4 Bf4 16. c4 Ne7 17. Qa3 Nf5 18. Qxa7 Bxe3 19. fxe3 Nxe3 20. c5 Nf5
21. Rd3 b5 22. Qa8+ Nb8 23. Ne5 Rhf8 24. Rc1 Qb7 1/2-1/2

[Event "Druga liga CS - zapad 2014"]
[Site "Sabac"]
[Date "2014.09.27"]
[Round "4.6"]
[White "Radosavljevic, Slobodan S"]
[Black "Kijanovic, Igor**"]
[Result "0-1"]
[WhiteElo "2166"]
[BlackElo "2065"]
[PlyCount "103"]
[EventDate "2014.09.25"]

1. d4 Nf6 2. Nf3 g6 3. Nbd2 Bg7 4. e4 d6 5. Bd3 O-O 6. O-O Nbd7 7. Re1 e5 8. c3
c6 9. Nf1 Qc7 10. Bg5 h6 11. Bh4 Nh5 12. Qd2 Nf4 13. Bc4 Nb6 14. Bb3 Bg4 15.
dxe5 dxe5 16. Qe3 g5 17. Bg3 Rad8 18. Rad1 Rxd1 19. Rxd1 Rd8 20. Rd2 Rxd2 21.
Qxd2 Bxf3 22. gxf3 Qd7 23. Qxd7 Nxd7 24. Ne3 Nc5 25. Bc2 b5 26. Nf5 Bf8 27.
Bxf4 gxf4 28. Kg2 Nb7 29. Kh3 Nd6 30. Kg4 Nc4 31. b3 Nd2 32. Bd3 Kh7 33. b4 Kg6
34. Nh4+ Kf6 35. Kh5 a6 36. a3 Nb3 37. Nf5 Nd2 38. Nxh6 Bxh6 39. Kxh6 Nxf3 40.
h3 Ng1 41. h4 Nh3 42. f3 Ng1 43. Kh5 Nxf3 44. Kg4 Ne1 45. Bb1 Ng2 46. Ba2 Ne3+
47. Kf3 Nc4 48. Ke2 Kg6 49. a4 Kh5 50. axb5 axb5 51. Bxc4 bxc4 52. Kf3 0-1